| Tag |
First Indicator |
Second Indicator |
Subfields |
| LEADER |
00000cam a22000008i 4500 |
| 001 |
in00000463113 |
| 005 |
20170428085503.0 |
| 008 |
760924s1977 nyu 00011 eng |
| 010 |
|
|
|a 76016262
|
| 020 |
|
|
|a 0385025904 :
|c $5.95
|
| 035 |
|
|
|a (OCoLC)02507675
|
| 035 |
|
|
|9 ABZ6205AM
|
| 040 |
|
|
|a DLC
|c DLC
|d TXA
|d UtOrBLW
|
| 041 |
1 |
|
|a eng
|a heb
|
| 049 |
|
|
|a TXAM
|c [1394765]
|
| 050 |
0 |
0 |
|a PZ4.Y387
|b Ear3
|a PJ5054.Y42
|
| 090 |
|
|
|a PJ5054.Y42
|b E27 1977
|
| 100 |
1 |
|
|a Yehoshua, Abraham B.
|
| 245 |
1 |
0 |
|a Early in the summer of 1970 /
|c A. B. Yehoshua.
|
| 250 |
|
|
|a 1st ed.
|
| 264 |
|
1 |
|a Garden City, N.Y. :
|b Doubleday,
|c 1977.
|
| 300 |
|
|
|a 165 pages ;
|c 22 cm.
|
| 336 |
|
|
|a text
|b txt
|2 rdacontent
|
| 337 |
|
|
|a unmediated
|b n
|2 rdamedia
|
| 338 |
|
|
|a volume
|b nc
|2 rdacarrier
|
| 505 |
0 |
|
|a Early in the summer of 1970, translated from the Hebrew by M. Arad.--Missile Base 612, translated from the Hebrew by M. Arad.--The last commander, translated from the Hebrew by P. Shrier.
|
| 999 |
|
|
|a MARS
|
| 999 |
f |
f |
|s 8818574a-95ee-3c9d-bb28-0a0b17cb348f
|i 41f4a232-2b68-3641-876b-4a58696c62e9
|t 0
|
| 952 |
f |
f |
|p ric
|a Texas A&M University
|b Rellis Campus
|c Joint Library Facility
|d Remote Storage
|t 0
|e PJ5054.Y42 E27 1977
|h Library of Congress classification
|i unmediated -- volume
|m A14804340776
|
| 998 |
f |
f |
|a PJ5054.Y42 E27 1977
|t 0
|l Remote Storage
|